000 00501nam a2200181Ia 4500
008 230524s9999 xx 000 0 und d
020 _a8174463992
082 _a331
_bSIN
100 _aP.R.N.Sinha
245 0 _a"Industrial Relations, Trade Unions,and Labour Legislation"
250 _a4TH
260 _aNEW DELHI
_bPearson
_c2009
300 _aXVII;623
500 _aQuantity Number: 45
650 _aManagement
700 _a" Indu Bala Sinha , Seema Priyadarshini Shekhar,,,"
942 _cBK
999 _c42460
_d42460